Представление документа в формате RUSMARC

ПолеНазваниеЗначение
  Тип записи a
  Библиографический уровень a
001 Контрольный номер 85a410265b52437599f3bdde6c1082b3
005 Дата корректировки 20240207193956.1
100 Данные общей обработки __
a Данные общей обработки 20230818 ||| 0rusy0189 ca
101 Язык документа 0_
a Язык текста rus
102 Страна публикации __
a Страна публикации RU
200 Заглавие и сведения об ответственности 1_
a Заглавие Растеряша
e Сведения, относящиеся к заглавию стихи
f Первые сведения об ответственности А. Ерошин
461 Уровень набора _0
1 2000
a Мурзилка
463 Уровень физической единицы _0
1 2000
b Текст
a № 8
v С. 23 : ил.
1 2101
d 2023
1 00195554d0ce7394978b6b06786401815ea
606 Тематические рубрики 0_
a Основная рубрика Русская поэзия - 21 в.
610 Ключевые слова 0_
a Ключевые слова русская поэзия, русские поэты, творчество Ерошина, современные поэты, стихи о буквах, буквы (х. л.), стихи для детей, современная поэзия
686 Индексы других классификаций __
a Классификационный индекс Р2
700 Автор _1
a Фамилия Ерошин
b Имя (инициалы) А.
801 Источник записи _0
a Страна RU
b Организация УОБДЮ
c Дата составления 20230818
g Правила каталогизации RCR
801 Источник записи _1
a Страна RU
b Организация УОБДЮ
c Дата составления 20230818
g Правила каталогизации RCR
901 Тип документа __
t Тип документа b
w Контрольный № источника 95554d0ce7394978b6b06786401815ea
905 Данные по созданию БЗ __
b Логин пользователя, который создал БЗ ibo9
909 Создатель записи __
a Создатель записи Сильнов Д.В.
910 Корректоры записи __
a Корректор записи Сильнов Д.В.
919 __
a Сильнов Д.В.
c Сильнов Д.В.